| 000 | 01774cgm a2200349Ma 4500 | ||
|---|---|---|---|
| 001 | ocn426117691 | ||
| 003 | OCoLC | ||
| 005 | 20100817010122.0 | ||
| 007 | vf cbahou | ||
| 008 | 980417s1998 nyu015 vleng d | ||
| 035 | _a(OCoLC)426117691 | ||
| 040 |
_aEAU _cEAU |
||
| 041 | 1 | _aengswa | |
| 043 | _af-tz--- | ||
| 049 | _aSZTA | ||
| 245 | 0 | 0 |
_aHuman Rights Education in Tanzania _h[videorecording] / _c[production of] Tanzania Media Women's Association (TAMWA). |
| 246 | 1 |
_iContainer title: _aHuman Rights Education in Tanzania 1995 |
|
| 246 | 1 |
_iDistributor's title: _aWomen's Human Rights Education, Tanzania 1995. |
|
| 260 |
_a[New York : _bPeople's Decade of Human Rights Education [distributor], _c1998?] |
||
| 300 |
_a1 videocassette (ca. 15 min.) : _bsd., col. ; _c1/2 in. |
||
| 500 | _aDistributor's website [www.pdhre.org/materials/index.html#videos] lists title as: Women's Human Rights Education, Tanzania 1995. | ||
| 508 | _aDirector, Fatma Alloo ; editor, Evodia Ndonde ; narrator, Edda Sanga ; camera, Emmanuel Rud. | ||
| 520 | _aLooks at how women are treated in Tanzanian society. Women's human rights issues such as inheritance rights, child custody, rape, domestic abuse and sexual harrassement are discussed. Women are shown being counseled and finding help in multi-disciplinary crisis centers. Spokeswomen outline TAMWA's efforts to end violence against women. | ||
| 546 | _aEnglish narration; English and Swahili. | ||
| 650 | 0 | _aDocumentary films. | |
| 650 | 0 |
_aHuman rights _zTanzania. |
|
| 650 | 0 | _aMotion pictures. | |
| 650 | 0 |
_aWomen's rights _zTanzania. |
|
| 651 | 0 |
_aTanzania _xSocial conditions _y1964- |
|
| 710 | 2 | _aChama cha Waandishi wa Habari Wanawake Tanzania. | |
| 710 | 2 | _aPeople's Decade of Human Rights Education (Firm) | |
| 999 |
_c714 _d714 |
||